MARC details
| 000 -BAŞLIK |
| Sabit Uzunlukta Kontrol Alanı |
01349na a2200349 4500 |
| 001 - KONTROL NUMARASI |
| Denetim Alanı |
22995 |
| 003 - KONTROL NUMARASI IDENTIFIER |
| Denetim Alanı |
MIRAKIL |
| 005 - SON İŞLEM TARİHİ VE ZAMANI |
| Denetim Alanı |
20181213155255.0 |
| 008 - SABİT-BOY VERİ ELEMANLARI - GENEL BİLGİLER |
| Sabit Uzunlukta Kontrol Alanı |
170306b tu 000 0 |
| 040 ## - KATALOGLAMA KAYNAK |
| Orijinal Kataloglama Ajansı |
Milas |
| Kataloglama Dili |
tur |
| Metne Dönüştürmek Ajansı |
TR-AnCHP |
| 041 ## - DİL KODU |
| Metin / Ses Parça Veya Ayrı Başlığın Dil Kodu |
tur |
| 082 ## - DEWEY ONLU SINIFLANDIRMA NUMARASI |
| Sınıflandırma Numarası |
CHP 324.9561 |
| Ürün Numarası |
C36 1999 |
| 090 ## - SINIFLAMA NUMARASI |
| Sınıflama Numarası |
CHP 324.9561 S31 1999 |
| 091 ## - MICROFILM RAF YER (AM) [OBSOLETE] |
| Mikrofilm Raf Yeri |
ARŞİV-SEÇİM DEĞERLENDİRMELERİ |
| 222 ## - ANAHTAR ADI |
| Anahtar Başlık |
Seçim sonuçlarının değerlendirilmesi |
| 245 ## - BAŞLIK TABLOSU |
| Başlık |
CHP açısından 18 Nisan 1999 dahil son dönemde yapılan seçimlerin değerlendirilmesi |
| Başlığın Kalan |
Ekim 1999 |
| -- |
1. taslak |
| Sorumluluk Tablosu, Vb |
Hazırlayan Haluk Özdalga, Mehmet Yula |
| 246 ## - UNVAN FORM VARYING |
| Başlık Doğru / Kısa Başlığı |
1999 seçimleri değerlendirmesi |
| 246 ## - UNVAN FORM VARYING |
| Başlık Doğru / Kısa Başlığı |
1999 seçim sonuçlarının değerlendirilmesi |
| 260 ## - YAYIN, DAĞITIM, VB |
| Yayın, Dağıtım, Vb Yeri |
[Ankara] |
| Yayıncı, Dağıtıcı, Vs Adı |
[CHP] |
| Yayın, Dağıtım, Vb Tarihi |
Ekim 1999 |
| 300 ## - FİZİKSEL TANIM |
| Kapsam |
krş s. (yaklaşık 200 s.) |
| Boyutlar |
30 sm. |
| 610 ## - KONU KATMA GİRİŞ - TOPLANTI ADI |
| Giriş Elemanı Olarak Kurumsal Ad Veya Yargı Alanı Adı |
CHP |
| Genel Alt Bölüm |
Seçimler |
| Kronolojik Alt Bölüm |
1983-1999 |
| -- |
Değerlendirmeler |
| Coğrafi Alt Bölüm |
Türkiye |
| 610 ## - KONU KATMA GİRİŞ - TOPLANTI ADI |
| Giriş Elemanı Olarak Kurumsal Ad Veya Yargı Alanı Adı |
CHP |
| Genel Alt Bölüm |
İdeoloji ve program |
| 650 ## - KONU KATMA GİRİŞ - TOPİKAL DÖNEM |
| Topikal Süreli Veya Coğrafi Ad Giriş Elemanı |
Seçimler |
| Genel Alt Bölümü |
Değerlendirmeler |
| Coğrafi Alt Bölümü |
Türkiye |
| 650 ## - KONU KATMA GİRİŞ - TOPİKAL DÖNEM |
| Topikal Süreli Veya Coğrafi Ad Giriş Elemanı |
Seçimler |
| Genel Alt Bölümü |
Değerlendirmeler |
| Coğrafi Alt Bölümü |
Türkiye |
| 651 ## - KONU KATMA GİRİŞ - COĞRAFİ ADI |
| Coğrafi İsim |
Türkiye |
| Genel Alt Bölümü |
Seçimler |
| Kronolojik Alt Bölümü |
Değerlendirmeler |
| 700 ## - KATMA GİRİŞ - KİŞİSEL İSİM |
| Kişisel Ad |
Özdalga, Haluk |
| Başlıklar Ve Bir Adla İlişkili Diğer Kelimeler |
CHP MYK Üyesi |
| 700 ## - KATMA GİRİŞ - KİŞİSEL İSİM |
| Kişisel Ad |
Yula, Mehmet |
| Başlıklar Ve Bir Adla İlişkili Diğer Kelimeler |
CHP PM Üyesi |
| 740 ## - KATMA GİRİŞ - KONTROLSUZ İLGİLİ / ANALİTİK BAŞLIK |
| Kontrol Edilmeyen / İlgili Analitik Başlıktaki |
1999 seçimleri değerlendirmesi |
| 740 ## - KATMA GİRİŞ - KONTROLSUZ İLGİLİ / ANALİTİK BAŞLIK |
| Kontrol Edilmeyen / İlgili Analitik Başlıktaki |
Seçim sonuçlarının değerlendirilmesi |
| 942 ## - EKLENDİ GİRİŞ ELEMANLARI (KOHA) |
| Sınıflandırma Veya Raf Düzeni Kaynak |
Dewey Decimal Classification |
| Koha Öğesi Türü |
Books |
| 999 ## - SİSTEM KONTROL NUMARALARI (KOHA) |
| Koha Biblionumber |
9718 |
| Koha Biblioitemnumber |
9718 |